000 00928cam a2200241 4500
001 ABS64747
008 011205n2001 000 0 eng u
035 _a(Sirsi) u115886
100 _aMadine, V.
245 _aTreading water
260 _c2001
490 _aBuilding
_v266(8209) 9 November 2001, 48-51(4)
520 _aLooks at the 2001 Hays Montrose/"Building" executive salary guide. Salaries have remained fairly static over the last year, and executive pay rates in the building, housing and civil engineering sectors have only increased by an average of 3.5% since 2000. To compensate for static wages, many companies are offering increased perks instead.
590 _aABS
650 _aSALARY SURVEYS
650 _aHAYS MONTROSE
650 _aEXECUTIVES
650 _aHOUSING SECTOR
650 _aCIVIL ENGINEERING SECTOR
650 _aCONSTRUCTION SECTOR
690 _aBUILT ENVIRONMENT
942 _n0
999 _c69038
_d69038